Statistics for The 25 most spectacular national parks in the world

Click here to take the quiz!

General Stats

  • This quiz has been taken 29 times
  • The average score is 20 of 25

Answer Stats

National ParkCountry% Correct
VatnajökullIceland
100%
IguazúArgentina, Brazil
96%
BanffCanada
96%
KomodoIndonesia
96%
Great Smoky MountainsUSA
96%
Torres del PaineChile
93%
GalápagosEcuador
93%
JostedalsbreenNorway
93%
KrugerSouth Africa
93%
Blue MountainsAustralia
89%
JiuzhaigouChina
89%
SerengetiTanzania
89%
Los GlaciaresArgentina
86%
Namib-NaukluftNamibia
86%
Ordesa y Monte PerdidoSpain
86%
FiordlandNew Zealand
82%
CairngormsUnited Kingdom
82%
OulankaFinland
75%
Gran ParadisoItaly
68%
CanaimaVenezuela
68%
KalkalpenAustria
61%
Plitvice LakesCroatia
61%
CorcovadoCosta Rica
54%
GöremeTurkey
54%
ChitwanNepal
43%

Score Distribution

Percentile by Number Answered

Percent of People with Each Score

Your Score History

You have not taken this quiz